000 00785nam a2200229 i 4500
001 bg
100 1 _aGorączko, Andrzej J.
245 1 0 _aZbiór zadań z chemii ogólnej i nieorganicznej /
_cAndrzej Gorączko.
_nCz. 1,
_pZadania i dane pomocnicze.
260 _aBydgoszcz :
_bWydaw. Uczelniane AT-R,
_c1995.
300 _a68 s. ;
_c24 cm.
490 1 _aSkrypty / Akademia Techniczno-Rolnicza im. Jana i Jędrzeja Śniadeckich w Bydgoszczy
650 9 _aChemia
650 9 _aChemia
655 _aĆwiczenia i zadania
655 _aTablice i wzory
830 0 _aSkrypty (Akademia Techniczno-Rolnicza im. Jana i Jędrzeja Śniadeckich w Bydgoszczy)
040 _cBPK
041 0 _apol
080 _a54(075.8)(076)
942 _cKS
008 s pl f |000 0 pol
999 _c24502
_d24502
856 _uhttp://koha.tu.koszalin.pl/cgi-bin/koha/opac-detail.pl?biblionumber=24502
_yKatalog online BPK